| 000 | 00575nam a2200217 a 4500 | ||
|---|---|---|---|
| 999 |
_c1793 _d1793 |
||
| 001 | 1793 | ||
| 003 | BD-JhCC | ||
| 005 | 20180303200330.0 | ||
| 008 | 171024s1984 c a|||| |||| 000 0 eng d | ||
| 035 | _a(BD-JhCC)1793 | ||
| 040 |
_aBD-JhCC _dBD-JhCC |
||
| 041 | _aeng | ||
| 082 |
_a373.61 _bBEE 1984 |
||
| 100 | _aBeech, Linda Ward | ||
| 245 |
_aLanguage : _bSkills and Use / _cLinda Ward Beech |
||
| 250 | _a2nd ed. | ||
| 260 |
_aCalifornica : _bScott, Foresman and Company : _c1984 |
||
| 300 |
_a400 p.; _c24 cm |
||
| 650 | _aLanguage arts (elementary) | ||
| 942 |
_2ddc _cBK |
||